000 00835nam a22002057a 4500
999 _c2139
_d2139
003 AR-CdUCM
008 190304b ||||| |||| 00| 0 spa d
040 _aMUNICIPALIDAD PROVINCIAL DEL CUSCO
_cBIBLIOTECA MUNICIPAL DEL CUSCO
082 _24ed.
_a982.06 /
_bG16
100 _aGalvez, Manuel
_97711
245 _aVida de Hipolito Yrigoyen :
_bel hombre del misterio /
260 _aBuenos Aires :
_bTor,
_c1951.
300 _a382 páginas ;
_c23 cm.
505 _aContenido: De Balvanera a la casa Rosada -- Retrato fisíco -- Retrato moral -- De la historia al mito -- La revolución radical --- Independencia -- Democracia -- La revolución del 6 de septiembre ...
650 _aHistoria argentina
_97712
650 _aPresidentes de argentina
_97713
650 _a Hipólito Yrigoyen
_97714
942 _2ddc
_cLIBROS
945 _azta